[Event "1st FIDE OWCCCC Pools-East 2021"]
[Site "Online"]
[Date "2021.02.19"]
[Round "1.54"]
[White "Aakanksha Hagawane"]
[Black "Ruzicka, Jan"]
[Result "1-0"]
[WhiteElo "2238"]
[BlackElo "1444"]
[Annotator "NA"]
[PlyCount "99"]
[EventDate "2021.02.19"]
[EventType "team-tourn"]
[EventCountry "NET"]
[SourceTitle "playchess.com"]
[Source "ChessBase"]
[SourceQuality "1"]

1. e4 e6 2. d4 d5 3. e5 c5 4. c3 a6 5. Nf3 Nc6 6. a3 Qa5 7. dxc5 Qxc5 8. Be3 Qe7 9. Bd3 Qc7 10. Bf4 b5 11. O-O Bb7 12. Nbd2 Bc5 13. Nb3 Bb6 14. Nbd4 Nxd4 15. cxd4 Ne7 16. Rc1 Qd8 17. h3 h6 18. a4 bxa4 19. Qxa4+ Bc6 20. Rxc6 Qd7 21. Bb5 O-O 22. Rxb6 axb5 23. Qxb5 Qxb5 24. Rxb5 Ng6 25. Bd2 Ne7 26. Rc1 g5 27. Rc7 Ra1+ 28. Kh2 Nf5 29. g4 Ng7 30. h4 Raa8 31. hxg5 hxg5 32. Nxg5 Ne8 33. Re7 f6 34. Nxe6 Rf7 35. Rbb7 Rxe7 36. Rxe7 fxe5 37. dxe5 d4 38. f4 d3 39. f5 Ra2 40. Rxe8+ Kf7 41. Rf8+ Ke7 42. Rb8 Kd7 43. g5 Kc6 44. g6 Kd5 45. g7 Kxe5 46. g8=Q Ke4 47. Qg4+ Ke5 48. Bc3+ Kd5 49. Qd4+ Kc6 50. Rb6# 1-0

[Event "1st FIDE OWCCCC Pools-East 2021"]
[Site "Online"]
[Date "2021.02.19"]
[Round "1.54"]
[White "Shyamu, Sharma"]
[Black "McShane, Michael"]
[Result "1-0"]
[WhiteElo "2100"]
[BlackElo "1630"]
[Annotator "TA"]
[PlyCount "135"]
[EventDate "2021.02.19"]
[EventType "team-tourn"]
[EventCountry "NET"]
[SourceTitle "playchess.com"]
[Source "ChessBase"]
[SourceQuality "1"]

1. d4 Nf6 2. Nf3 d6 3. e3 Nc6 4. c4 Bg4 5. Be2 g6 6. Nc3 Bg7 7. O-O Bf5 8. a3 e5 9. dxe5 dxe5 10. Qa4 O-O 11. Rd1 Bd7 12. Qc2 e4 13. Nxe4 Nxe4 14. Qxe4 Re8 15. Qc2 Qe7 16. h3 a5 17. Bd2 a4 18. Bc3 Rad8 19. Bxg7 Kxg7 20. Rd2 Ne5 21. Qc3 Qf6 22. Nxe5 Qxe5 23. Qxe5+ Rxe5 24. Rad1 Re7 25. Bf3 c6 26. Rd6 Kf8 27. R1d2 Ke8 28. Bd1 b5 29. cxb5 cxb5 30. Bf3 Re6 31. R6d5 Ke7 32. e4 Rc6 33. Bg4 f5 34. exf5 gxf5 35. Bxf5 Bxf5 36. Rxd8 Re6 37. R8d5 Re1+ 38. Kh2 Be6 39. Rxb5 Bd7 40. Rb7 Re6 41. Rbxd7+ Kf6 42. Rxh7 Kg6 43. Ra7 Re4 44. g4 Kg5 45. Kg3 Re5 46. h4+ Kf6 47. Rd6+ Re6 48. Rxe6+ Kxe6 49. Kf4 Kd5 50. Ra5+ Kc4 51. Rxa4+ Kb3 52. Rb4+ Kc2 53. Rc4+ Kb3 54. Rc3+ Ka2 55. b4 Kb2 56. b5 Kxc3 57. b6 Kc4 58. b7 Kd3 59. b8=Q Ke2 60. Qe5+ Kf1 61. Qa1+ Kg2 62. Ke4 Kh2 63. f4 Kg3 64. Qe1+ Kxg4 65. Qg1+ Kxh4 66. f5 Kh5 67. Qg3 Kh6 68. Qg6# 1-0

[Event "1st FIDE OWCCCC Pools-East 2021"]
[Site "Online"]
[Date "2021.02.19"]
[Round "1.54"]
[White "Zakharov, German"]
[Black "February, Jesse Nikki"]
[Result "1-0"]
[WhiteElo "1887"]
[BlackElo "1824"]
[Annotator "NA"]
[PlyCount "59"]
[EventDate "2021.02.19"]
[EventType "team-tourn"]
[EventCountry "NET"]
[SourceTitle "playchess.com"]
[Source "ChessBase"]
[SourceQuality "1"]

1. d4 d5 2. c4 dxc4 3. e3 Nc6 4. Bxc4 Nf6 5. Nc3 e6 6. Nf3 Bb4 7. O-O O-O 8. a3 Bxc3 9. bxc3 e5 10. Nxe5 Nxe5 11. dxe5 Qxd1 12. Rxd1 Ne4 13. Bb2 Be6 14. Bxe6 fxe6 15. Rd4 Nxf2 16. Rf1 c5 17. Rd7 Ng4 18. Rxb7 Rxf1+ 19. Kxf1 Nxh2+ 20. Ke2 a6 21. c4 Ng4 22. Rc7 Rb8 23. Bc3 Rb3 24. Bd2 Nxe5 25. Rxc5 Nxc4 26. Rxc4 Rxa3 27. Rc6 e5 28. Re6 Ra5 29. Bxa5 Kf7 30. Rxa6 1-0

[Event "1st FIDE OWCCCC Pools-East 2021"]
[Site "Online"]
[Date "2021.02.19"]
[Round "1.54"]
[White "Bossut, Louis"]
[Black "Iyer, Siddharth"]
[Result "1-0"]
[WhiteElo "1719"]
[BlackElo "1038"]
[Annotator "NA"]
[PlyCount "71"]
[EventDate "2021.02.19"]
[EventType "team-tourn"]
[EventCountry "NET"]
[SourceTitle "playchess.com"]
[Source "ChessBase"]
[SourceQuality "1"]

1. e4 e5 2. Nf3 Nc6 3. d4 exd4 4. Nxd4 Qh4 5. Nc3 Bb4 6. Ndb5 Ba5 7. Bd2 a6 8. Na3 b5 9. g3 Qe7 10. Bg2 Nf6 11. O-O O-O 12. Nd5 Qd8 13. c4 Bxd2 14. Qxd2 Rb8 15. Rfe1 Ne5 16. c5 d6 17. Rac1 c6 18. Nxf6+ Qxf6 19. cxd6 Bh3 20. f4 Bxg2 21. fxe5 Qxe5 22. Kxg2 Rb6 23. Rc3 b4 24. Rb3 Qa5 25. Nc4 Qxa2 26. Rxb4 Rb5 27. Rxb5 axb5 28. Ne5 Qe6 29. Nxc6 Qd7 30. Qd5 b4 31. Ne7+ Kh8 32. Rf1 f6 33. e5 Qd8 34. e6 Re8 35. Nc6 Qa8 36. d7 1-0

[Event "1st FIDE OWCCCC Pools-East 2021"]
[Site "Online"]
[Date "2021.02.19"]
[Round "1.54"]
[White "Arul, Arjun"]
[Black "Deboosere, Adam Moussa"]
[Result "0-1"]
[WhiteElo "798"]
[BlackElo "1702"]
[Annotator "NA"]
[PlyCount "80"]
[EventDate "2021.02.19"]
[EventType "team-tourn"]
[EventCountry "NET"]
[SourceTitle "playchess.com"]
[Source "ChessBase"]
[SourceQuality "1"]

1. d4 Nf6 2. Nc3 c5 3. dxc5 e6 4. Bf4 Bxc5 5. f3 O-O 6. Qd3 Qb6 7. Na4 Bf2+ 8. Kd1 Qa5 9. Nc3 Nd5 10. Nh3 Bh4 11. e4 Nb4 12. Qb5 Qxb5 13. Nxb5 N8a6 14. c3 Nc6 15. Kc2 d5 16. exd5 exd5 17. g3 Bf6 18. Rd1 Bf5+ 19. Kc1 Rad8 20. Nf2 Nc5 21. Bh3 Bg6 22. Rhe1 d4 23. cxd4 Nxd4 24. Nxd4 Bxd4 25. Ng4 Na4 26. Be5 Rc8+ 27. Kd2 Rfd8 28. Bxd4 Rxd4+ 29. Ke3 Rb4 30. b3 Nb2 31. Rd7 h5 32. Ne5 Re8 33. f4 f6 34. Kf3 fxe5 35. fxe5 Nd3 36. Re3 Nxe5+ 37. Kg2 Be4+ 38. Kf2 Ng4+ 39. Bxg4 hxg4 40. Red3 Bxd3 0-1

[Event "1st FIDE OWCCCC Pools-East 2021"]
[Site "Online"]
[Date "2021.02.19"]
[Round "1.55"]
[White "Saim, Mohamed Ilias"]
[Black "Pandey, Ravikant"]
[Result "1-0"]
[WhiteElo "2171"]
[BlackElo "1704"]
[Annotator "NA"]
[PlyCount "149"]
[EventDate "2021.02.19"]
[EventType "team-tourn"]
[EventCountry "NET"]
[SourceTitle "playchess.com"]
[Source "ChessBase"]
[SourceQuality "1"]

1. e4 e5 2. Nf3 Nc6 3. d4 exd4 4. Bc4 d6 5. Nxd4 Nxd4 6. Qxd4 Nf6 7. Nc3 Be7 8. O-O O-O 9. h3 Be6 10. Be2 Re8 11. f4 c5 12. Qf2 b5 13. Bxb5 Rf8 14. f5 Bd7 15. Bxd7 Qxd7 16. Re1 Rfe8 17. Bf4 Qc6 18. Rad1 Rad8 19. Nd5 Nxd5 20. exd5 Qb7 21. c3 Qd7 22. Bg3 Bf6 23. Kh1 Rxe1+ 24. Rxe1 Qb7 25. Qe2 h6 26. c4 Qd7 27. Qf3 Qa4 28. Qb3 Qxb3 29. axb3 Bxb2 30. Re2 Bf6 31. Ra2 Rd7 32. Ra6 Be7 33. Kg1 Kf8 34. Kf1 Ke8 35. Ke2 Kd8 36. Kd3 Kc8 37. Kc2 Kb7 38. Ra1 Bf6 39. Re1 Rd8 40. Bf4 Kc7 41. g4 Kb7 42. Kd3 Kc7 43. Re2 Rb8 44. Kc2 Rd8 45. Re1 Rb8 46. Rb1 Kd7 47. Kd3 Rb7 48. Bd2 Rb8 49. Kc2 Re8 50. b4 cxb4 51. Rxb4 Kc7 52. Ra4 Bd4 53. Kd3 Bc5 54. Ra1 Bf2 55. Rf1 Bh4 56. Be3 Ra8 57. Bd4 f6 58. Ra1 Kb7 59. Ra2 a6 60. Re2 Rg8 61. Re7+ Kb8 62. Rd7 Bg3 63. c5 dxc5 64. Bxc5 a5 65. Kc4 Be1 66. d6 Bd2 67. Kd5 Bf4 68. Re7 a4 69. d7 Bc7 70. Re8+ Rxe8 71. dxe8=Q+ Bd8 72. Qxd8+ Kb7 73. Qb6+ Kc8 74. Kd6 g5 75. Qc7# 1-0

[Event "1st FIDE OWCCCC Pools-East 2021"]
[Site "Online"]
[Date "2021.02.19"]
[Round "1.55"]
[White "Devani, Roopam"]
[Black "Plays, Boris"]
[Result "1-0"]
[WhiteElo "1729"]
[BlackElo "1304"]
[Annotator "NA"]
[PlyCount "79"]
[EventDate "2021.02.19"]
[EventType "team-tourn"]
[EventCountry "NET"]
[SourceTitle "playchess.com"]
[Source "ChessBase"]
[SourceQuality "1"]

1. e4 e5 2. Nf3 Nc6 3. Bc4 Bc5 4. d3 Nf6 5. Nc3 d6 6. h3 Na5 7. Bb3 Nxb3 8. axb3 a6 9. Bg5 h6 10. Bh4 g5 11. Nxg5 hxg5 12. Bxg5 Rg8 13. h4 Bg4 14. f3 Be6 15. Qd2 Rg6 16. f4 exf4 17. Qxf4 Bd4 18. h5 Be5 19. hxg6 Bxf4 20. Rh8+ Kd7 21. Rxd8+ Rxd8 22. Bxf6 Rg8 23. gxf7 Bxf7 24. Kf2 c6 25. Ne2 Bg5 26. Bxg5 Rxg5 27. Rh1 Rh5 28. Rxh5 Bxh5 29. Nf4 Bf7 30. Kg3 d5 31. e5 b6 32. Kg4 b5 33. Kf5 a5 34. e6+ Bxe6+ 35. Nxe6 Ke7 36. Nc5 Kd6 37. Ne6 Ke7 38. g4 Kf7 39. Nd8+ Kg7 40. Nxc6 1-0

[Event "1st FIDE OWCCCC Pools-East 2021"]
[Site "Online"]
[Date "2021.02.19"]
[Round "1.55"]
[White "Shijithlal L V"]
[Black "Akhundov, Timur"]
[Result "1-0"]
[WhiteElo "1404"]
[BlackElo "1192"]
[Annotator "NA"]
[PlyCount "51"]
[EventDate "2021.02.19"]
[EventType "team-tourn"]
[EventCountry "NET"]
[SourceTitle "playchess.com"]
[Source "ChessBase"]
[SourceQuality "1"]

1. d4 Nf6 2. c4 d5 3. Nf3 g6 4. Nc3 Bg7 5. g3 O-O 6. Bg2 dxc4 7. O-O c5 8. dxc5 Qa5 9. Qd4 Rd8 10. Qxc4 Be6 11. Qh4 Qxc5 12. Ng5 Nc6 13. Nxe6 fxe6 14. Be3 Qa5 15. Bh3 Kf7 16. Qc4 Nd5 17. Ne4 Ne5 18. Ng5+ Ke8 19. Qh4 Nxe3 20. Qxh7 Nf5 21. Bxf5 exf5 22. Qxg7 Kd7 23. Rfd1+ Kc7 24. Qxe7+ Kb6 25. Rxd8 Nc6 26. Qe3+ 1-0

[Event "1st FIDE OWCCCC Pools-East 2021"]
[Site "Online"]
[Date "2021.02.19"]
[Round "1.56"]
[White "Gupta Ashish Bajaranglal"]
[Black "Liberdova, Armana"]
[Result "1-0"]
[WhiteElo "1515"]
[BlackElo "227"]
[Annotator "NA"]
[PlyCount "25"]
[EventDate "2021.02.19"]
[EventType "team-tourn"]
[EventCountry "NET"]
[SourceTitle "playchess.com"]
[Source "ChessBase"]
[SourceQuality "1"]

1. d4 e6 2. c4 Nf6 3. Nf3 Bd6 4. Nc3 O-O 5. e4 Nxe4 6. Nxe4 Bb4+ 7. Bd2 Bd6 8. Bd3 Nc6 9. O-O Nxd4 10. Nxd4 b6 11. Qh5 Bf4 12. Nf6+ Kh8 13. Qxh7# 1-0

[Event "1st FIDE OWCCCC Pools-East 2021"]
[Site "Online"]
[Date "2021.02.19"]
[Round "1.56"]
[White "Goncharova, Kamilla"]
[Black "Srikant Dronavalli"]
[Result "0-1"]
[WhiteElo "1511"]
[BlackElo "1340"]
[Annotator "NA"]
[PlyCount "100"]
[EventDate "2021.02.19"]
[EventType "team-tourn"]
[EventCountry "NET"]
[SourceTitle "playchess.com"]
[Source "ChessBase"]
[SourceQuality "1"]

1. e4 c5 2. c4 e6 3. Nf3 Nc6 4. a3 a6 5. Be2 Nd4 6. Nxd4 cxd4 7. d3 e5 8. O-O d6 9. Nd2 Nf6 10. Nf3 b5 11. b3 h6 12. h3 Be7 13. Bd2 O-O 14. cxb5 axb5 15. Bb4 Be6 16. Nd2 d5 17. Bxe7 Qxe7 18. b4 dxe4 19. Nxe4 Bd5 20. Bf3 Rad8 21. Rc1 Nxe4 22. dxe4 Bc4 23. Re1 d3 24. Re3 Qa7 25. Rc3 f6 26. Bg4 Qd4 27. Qd2 Ra8 28. Rg3 Rad8 29. Bf3 g5 30. h4 Kg7 31. hxg5 fxg5 32. Bh5 Rf4 33. Bf3 Rdf8 34. Rg4 Rxg4 35. Bxg4 Qxe4 36. Bf3 Qd4 37. Rc1 e4 38. Bg4 e3 39. fxe3 Qxg4 40. Qc3+ Rf6 41. Rf1 Qe6 42. e4 Kg6 43. Rxf6+ Qxf6 44. e5 Qe6 45. Qd4 Kf5 46. g4+ Kg6 47. Qe4+ Kg7 48. Qb7+ Qf7 49. Qe4 d2 50. Qe2 Bxe2 0-1

[Event "1st FIDE OWCCCC Pools-East 2021"]
[Site "Online"]
[Date "2021.02.19"]
[Round "1.57"]
[White "Poslusny, Martin"]
[Black "Fromentin, Sebastien"]
[Result "0-1"]
[WhiteElo "1917"]
[BlackElo "1949"]
[Annotator "NA"]
[PlyCount "94"]
[EventDate "2021.02.19"]
[EventType "team-tourn"]
[EventCountry "NET"]
[SourceTitle "playchess.com"]
[Source "ChessBase"]
[SourceQuality "1"]

1. d4 d5 2. c4 c6 3. e3 Nf6 4. Nc3 e6 5. a3 Bd6 6. Nf3 a6 7. c5 Bc7 8. g3 Nbd7 9. Bg2 O-O 10. O-O e5 11. dxe5 Nxe5 12. Nxe5 Bxe5 13. Qc2 Bg4 14. b4 Bh5 15. Bb2 Bg6 16. Qb3 Bd3 17. Rfd1 Bc4 18. Qc2 Qc7 19. Bf1 Bxf1 20. Rxf1 Rad8 21. Ne2 Bxb2 22. Qxb2 Rfe8 23. Nd4 Qe5 24. Rad1 h5 25. a4 h4 26. Qe2 hxg3 27. hxg3 Qe4 28. Qf3 Qxf3 29. Nxf3 Ne4 30. Nd4 g6 31. Kg2 Kg7 32. Rh1 Rh8 33. Kf3 Rxh1 34. Rxh1 Nc3 35. Ra1 Rh8 36. Kg2 Rh5 37. Ra3 Ne4 38. b5 cxb5 39. axb5 Nxc5 40. bxa6 bxa6 41. Ra5 Ne4 42. Rxa6 Nf6 43. Ra7 Re5 44. Kf3 Ne4 45. Kf4 Re8 46. Rd7 Nf6 47. Kf3 Nxd7 0-1

[Event "1st FIDE OWCCCC Pools-East 2021"]
[Site "Online"]
[Date "2021.02.19"]
[Round "1.57"]
[White "Hauck, Michael"]
[Black "Hajiyev, Samid"]
[Result "1-0"]
[WhiteElo "1723"]
[BlackElo "1278"]
[Annotator "NA"]
[PlyCount "37"]
[EventDate "2021.02.19"]
[EventType "team-tourn"]
[EventCountry "NET"]
[SourceTitle "playchess.com"]
[Source "ChessBase"]
[SourceQuality "1"]

1. c4 e5 2. Nc3 Nf6 3. e3 Nc6 4. b3 Be7 5. Bb2 O-O 6. Rc1 b6 7. Nd5 Nxd5 8. cxd5 Nb4 9. e4 c6 10. Bxe5 cxd5 11. Qg4 f6 12. Bc7 Qe8 13. Nf3 d6 14. Qg3 Bb7 15. a3 dxe4 16. Nd4 Nd3+ 17. Bxd3 exd3 18. Ne6 Bd8 19. Qxg7# 1-0

[Event "1st FIDE OWCCCC Pools-East 2021"]
[Site "Online"]
[Date "2021.02.19"]
[Round "1.57"]
[White "Wong, Alex"]
[Black "Vignesh, K .V ."]
[Result "1-0"]
[WhiteElo "1654"]
[BlackElo "1615"]
[Annotator "NA"]
[PlyCount "129"]
[EventDate "2021.02.19"]
[EventType "team-tourn"]
[EventCountry "NET"]
[SourceTitle "playchess.com"]
[Source "ChessBase"]
[SourceQuality "1"]

1. d4 d5 2. c4 c6 3. Nc3 Nf6 4. Nf3 g6 5. g3 Bg7 6. Bg2 O-O 7. O-O Bg4 8. h3 Bc8 9. c5 b6 10. cxb6 axb6 11. a3 Re8 12. Bf4 Ba6 13. Re1 Nbd7 14. Qd2 Nh5 15. Bh6 e5 16. dxe5 Nxe5 17. Bxg7 Nxg7 18. Nxe5 Rxe5 19. e4 d4 20. Na2 Rb8 21. Nb4 Bb7 22. Rad1 c5 23. Nd3 Re6 24. Nf4 Re8 25. b4 Ne6 26. bxc5 bxc5 27. Nd5 Bxd5 28. exd5 Nc7 29. Rxe8+ Qxe8 30. Qf4 Qd7 31. Rc1 Rb5 32. Qe5 Ra5 33. Rb1 Rb5 34. Rxb5 Nxb5 35. Qb8+ Kg7 36. a4 Nc3 37. a5 Nxd5 38. Qe5+ Nf6 39. Qxc5 d3 40. a6 d2 41. a7 d1=Q+ 42. Kh2 Qxa7 43. Qxa7 h5 44. Qe3 Qd6 45. Kg1 Kh7 46. Qb3 Kg7 47. Bf1 Nd7 48. Bc4 Ne5 49. Bf1 Nf3+ 50. Qxf3 Qe7 51. Qc3+ Kh6 52. Qh8+ Kg5 53. h4+ Kf5 54. Bh3+ Ke4 55. Qa8+ Ke5 56. Qa1+ Kd6 57. Qa3+ Kc6 58. Qxe7 g5 59. hxg5 h4 60. gxh4 Kb6 61. Qxf7 Ka6 62. Qb3 Ka5 63. g6 Ka6 64. g7 Ka7 65. g8=Q 1-0

[Event "1st FIDE OWCCCC Pools-East 2021"]
[Site "Online"]
[Date "2021.02.19"]
[Round "1.57"]
[White "De Aragao, Marco Aurelio S Sale"]
[Black "Bryushinin, Aleksander"]
[Result "0-1"]
[WhiteElo "1051"]
[BlackElo "1612"]
[Annotator "NA"]
[PlyCount "72"]
[EventDate "2021.02.19"]
[EventType "team-tourn"]
[EventCountry "NET"]
[SourceTitle "playchess.com"]
[Source "ChessBase"]
[SourceQuality "1"]

1. e4 c5 2. Bc4 e6 3. Nf3 a6 4. Nc3 b5 5. Be2 Bb7 6. d4 cxd4 7. Nxd4 b4 8. Na4 Bxe4 9. O-O Nc6 10. c3 Nf6 11. Bg5 h6 12. Bxf6 Qxf6 13. Bf3 Bxf3 14. Nxf3 Be7 15. Nb6 Rd8 16. Nc4 O-O 17. Qa4 bxc3 18. bxc3 Qxc3 19. Nb6 a5 20. Rab1 Qa3 21. Qc4 Qc5 22. Qa6 Nb4 23. Qa7 Rb8 24. Rfc1 Qxb6 25. Qxb6 Rxb6 26. a3 Nd5 27. Ra1 Rfb8 28. h3 Rb2 29. Nd4 Bf6 30. Ne2 Rxe2 31. Kf1 Rbb2 32. Rab1 Rxf2+ 33. Ke1 Bc3+ 34. Rxc3 Rbe2+ 35. Kd1 Nxc3+ 36. Kc1 Rc2# 0-1

[Event "1st FIDE OWCCCC Pools-East 2021"]
[Site "Online"]
[Date "2021.02.19"]
[Round "1.58"]
[White "Garcia Feore, Daniel James"]
[Black "Tang, Michael"]
[Result "0-1"]
[WhiteElo "1747"]
[BlackElo "1719"]
[Annotator "NA"]
[PlyCount "138"]
[EventDate "2021.02.19"]
[EventType "team-tourn"]
[EventCountry "NET"]
[SourceTitle "playchess.com"]
[Source "ChessBase"]
[SourceQuality "1"]

1. e4 c5 2. Nf3 d6 3. d4 cxd4 4. Nxd4 Nf6 5. Nc3 g6 6. f3 Bg7 7. Be3 O-O 8. Qd2 Nc6 9. O-O-O Bd7 10. g4 Ne5 11. b3 Rc8 12. h4 h5 13. gxh5 Nxh5 14. Be2 Qa5 15. Ncb5 Qxd2+ 16. Rxd2 a6 17. Na3 Rc3 18. Bf2 Bh6 19. Rg1 Kh7 20. Nb1 Bxd2+ 21. Kxd2 Rc7 22. Be3 f5 23. f4 Nc6 24. exf5 Bxf5 25. Nxf5 Rxf5 26. Bd3 Rf6 27. Rg5 Nxf4 28. Bxf4 Rxf4 29. Rxg6 Ne5 30. Rxd6+ Nxd3 31. Rxd3 Rxh4 32. Nc3 e6 33. Re3 Rc6 34. Ne4 Rh2+ 35. Kd3 Rhxc2 36. Ng5+ Kg6 37. Nxe6 R2c3+ 38. Kd4 Rxe3 39. Nf4+ Kf5 40. Kxe3 Rc2 41. Nd3 Rxa2 42. Nc5 b6 43. Nd7 Ra3 44. Kd4 Rxb3 45. Kc4 Rb1 46. Nb8 a5 47. Na6 b5+ 48. Kc3 Ke5 49. Kc2 Rh1 50. Nc7 b4 51. Nb5 Kd5 52. Nc7+ Kc4 53. Ne6 Rh2+ 54. Kd1 Kc3 55. Nf4 a4 56. Nd5+ Kb3 57. Ne3 a3 58. Nf1 Rh1 59. Ke2 Rxf1 60. Kxf1 a2 61. Ke2 a1=Q 62. Kd3 Qc3+ 63. Ke4 Kc4 64. Kf5 Kd5 65. Kg6 Qf3 66. Kg7 Ke6 67. Kh7 Kf7 68. Kh8 Qf6+ 69. Kh7 Qg7# 0-1

[Event "1st FIDE OWCCCC Pools-East 2021"]
[Site "Online"]
[Date "2021.02.19"]
[Round "1.58"]
[White "Capo, Stellie"]
[Black "Kamenik, David"]
[Result "0-1"]
[WhiteElo "583"]
[BlackElo "1802"]
[Annotator "NA"]
[PlyCount "68"]
[EventDate "2021.02.19"]
[EventType "team-tourn"]
[EventCountry "NET"]
[SourceTitle "playchess.com"]
[Source "ChessBase"]
[SourceQuality "1"]

1. e4 e5 2. Nf3 Nc6 3. Bc4 Bc5 4. d3 Nf6 5. Bg5 h6 6. Be3 Bb6 7. Qe2 O-O 8. O-O d6 9. Nbd2 Be6 10. Rad1 Bxc4 11. Nxc4 Qe7 12. b3 Nh7 13. c3 f5 14. exf5 Rxf5 15. d4 e4 16. Nfd2 d5 17. Ne5 Nxe5 18. dxe5 Qxe5 19. c4 d4 20. Bxh6 gxh6 21. Qg4+ Rg5 22. Qxe4 Qxe4 23. Nxe4 Re5 24. Ng3 Rae8 25. h4 Nf6 26. c5 Bxc5 27. b4 Bb6 28. a3 c5 29. bxc5 Bxc5 30. a4 b6 31. h5 Nxh5 32. Kh2 Nxg3 33. fxg3 d3 34. Rxd3 Rh5# 0-1

[Event "1st FIDE OWCCCC Pools-East 2021"]
[Site "Online"]
[Date "2021.02.19"]
[Round "1.59"]
[White "Mititelu, Alina"]
[Black "Ponnusamy, Kowsik"]
[Result "0-1"]
[WhiteElo "1751"]
[BlackElo "1292"]
[Annotator "NA"]
[PlyCount "88"]
[EventDate "2021.02.19"]
[EventType "team-tourn"]
[EventCountry "NET"]
[SourceTitle "playchess.com"]
[Source "ChessBase"]
[SourceQuality "1"]

1. e4 c5 2. Nf3 Nc6 3. d3 g6 4. Nc3 Bg7 5. Bd2 Nf6 6. Be2 O-O 7. O-O d6 8. h3 Bd7 9. a3 Nd4 10. Nxd4 cxd4 11. Nb1 Qb6 12. b3 d5 13. e5 Ne8 14. Bf4 f6 15. exf6 Qxf6 16. Bg3 e5 17. Bf3 Nc7 18. Re1 Rae8 19. Nd2 Qc6 20. a4 Na6 21. Ra2 Nb4 22. Rb2 h5 23. Nb1 e4 24. dxe4 dxe4 25. Be2 d3 26. cxd3 Bxb2 27. dxe4 Rxe4 28. Bb5 Rfe8 29. Rxe4 Qxe4 30. Qxd7 Nc6 31. Bc4+ Kh8 32. Nd2 Qe7 33. Qd5 Rd8 34. Qf3 Rxd2 35. Bf4 Qe1+ 36. Kh2 Rd1 37. Kg3 Be5 38. Bxe5+ Qxe5+ 39. Kh4 g5+ 40. Kxh5 g4+ 41. Kxg4 Rd4+ 42. Qf4 Rxf4+ 43. Kg3 Re4+ 44. f4 Qxf4# 0-1

[Event "1st FIDE OWCCCC Pools-East 2021"]
[Site "Online"]
[Date "2021.02.19"]
[Round "1.60"]
[White "Buzak, Karolina"]
[Black "Amit Braganza"]
[Result "0-1"]
[WhiteElo "1286"]
[BlackElo "1160"]
[Annotator "NA"]
[PlyCount "76"]
[EventDate "2021.02.19"]
[EventType "team-tourn"]
[EventCountry "NET"]
[SourceTitle "playchess.com"]
[Source "ChessBase"]
[SourceQuality "1"]

1. e4 g6 2. Nf3 Bg7 3. Nc3 d6 4. d4 Nf6 5. Bd3 O-O 6. e5 dxe5 7. dxe5 Ng4 8. h3 Nxe5 9. Nxe5 Bxe5 10. Bh6 Bg7 11. Bxg7 Kxg7 12. O-O c5 13. Qf3 Nc6 14. a3 e5 15. Nd5 Nd4 16. Qe4 Bf5 17. Qxe5+ f6 18. Qe7+ Qxe7 19. Nxe7 Bxd3 20. cxd3 Rad8 21. Rae1 Rfe8 22. f4 Rd7 23. f5 Rdxe7 24. Rxe7+ Rxe7 25. fxg6 Kxg6 26. Rf4 Ne2+ 27. Kf2 Nxf4 28. h4 Re2+ 29. Kg3 Nh5+ 30. Kg4 Rxb2 31. Kf3 Rb3 32. g4 Ng7 33. Kf4 Rxa3 34. h5+ Kf7 35. h6 Ne6+ 36. Kf5 Rxd3 37. g5 Rd5+ 38. Ke4 Rxg5 0-1

[Event "1st FIDE OWCCCC Pools-East 2021"]
[Site "Online"]
[Date "2021.02.19"]
[Round "1.60"]
[White "N, Shehnaaz"]
[Black "Vosloo, Cicel Johannes"]
[Result "0-1"]
[WhiteElo "874"]
[BlackElo "1597"]
[Annotator "NA"]
[PlyCount "134"]
[EventDate "2021.02.19"]
[EventType "team-tourn"]
[EventCountry "NET"]
[SourceTitle "playchess.com"]
[Source "ChessBase"]
[SourceQuality "1"]

1. e4 d5 2. d3 dxe4 3. dxe4 Qxd1+ 4. Kxd1 Nc6 5. f3 e5 6. Be3 Be6 7. Nc3 O-O-O+ 8. Ke1 Bb4 9. a3 Ba5 10. g4 Nge7 11. Nh3 f6 12. Rd1 Rxd1+ 13. Kxd1 Rd8+ 14. Ke1 Nd4 15. Bd3 Nxf3+ 16. Kf2 Bxg4 17. Ng1 Nd4 18. h3 Bh5 19. Nb5 Nxb5 20. Bxb5 a6 21. Be2 Bxe2 22. Nxe2 Bb6 23. Rg1 Bxe3+ 24. Kxe3 g6 25. h4 Rd6 26. h5 Kd7 27. hxg6 hxg6 28. Nc3 Ke6 29. Rh1 Nc6 30. Rh6 g5 31. Rg6 Nd4 32. Kd3 Nb5+ 33. Ke3 Nxc3 34. bxc3 Kf7 35. Rh6 Kg7 36. Rh1 Rd7 37. Rb1 b6 38. c4 Kg6 39. Ke2 Rd4 40. Ke3 Rxc4 41. Kd3 Rd4+ 42. Ke3 g4 43. Rg1 Kg5 44. c3 Ra4 45. Rd1 Rxa3 46. Rd7 Rxc3+ 47. Kd2 Rc6 48. Rg7+ Kf4 49. Rg6 a5 50. Kd3 Rd6+ 51. Kc4 f5 52. exf5 Kxf5 53. Rxd6 cxd6 54. Kc3 Kf4 55. Kc2 Kf3 56. Kd2 Kf2 57. Kd1 g3 58. Kd2 g2 59. Kd1 g1=Q+ 60. Kd2 e4 61. Kc3 e3 62. Kd3 e2 63. Ke4 e1=Q+ 64. Kd4 Qg4+ 65. Kd3 Qe3+ 66. Kc2 Qc4+ 67. Kd1 Qcc1# 0-1

[Event "1st FIDE OWCCCC Pools-East 2021"]
[Site "Online"]
[Date "2021.02.19"]
[Round "1.61"]
[White "Anuja, Bombatkar"]
[Black "Bangalore Seshadri, Keshavaprasad"]
[Result "1-0"]
[WhiteElo "1870"]
[BlackElo "1079"]
[Annotator "NA"]
[PlyCount "167"]
[EventDate "2021.02.19"]
[EventType "team-tourn"]
[EventCountry "NET"]
[SourceTitle "playchess.com"]
[Source "ChessBase"]
[SourceQuality "1"]

1. d4 d5 2. c4 Nf6 3. Nc3 e6 4. Bg5 dxc4 5. e4 h6 6. Bh4 g5 7. Bg3 h5 8. Bxc4 h4 9. Be5 Nc6 10. Nf3 Nxe5 11. dxe5 Qxd1+ 12. Rxd1 Nd7 13. Nb5 Bb4+ 14. Ke2 Ba5 15. b4 a6 16. bxa5 axb5 17. Bxb5 Rxa5 18. Bc4 b5 19. Bb3 c5 20. Ra1 c4 21. Bc2 Ke7 22. a4 b4 23. Rhc1 b3 24. Bxb3 cxb3 25. Nd4 Ba6+ 26. Ke1 Rc5 27. Nxb3 Rxc1+ 28. Rxc1 Nxe5 29. Rc7+ Kf6 30. Nc5 Bd3 31. Kd2 Bf1 32. g3 hxg3 33. hxg3 Rh2 34. Ke1 Bg2 35. a5 Nf3+ 36. Ke2 Nd4+ 37. Ke3 Nc2+ 38. Ke2 Nd4+ 39. Ke3 Nb5 40. Rb7 Nd6 41. a6 Rh8 42. Nd7+ Kg6 43. Rb8 Rxb8 44. Nxb8 Bxe4 45. f3 Ba8 46. Nd7 Nb5 47. Nb6 Bc6 48. Nc4 Na7 49. Kd4 Bxf3 50. Ne5+ Kf5 51. Nxf3 Kg4 52. Ke3 f5 53. Kf2 f4 54. gxf4 gxf4 55. Ke2 Kg3 56. Ne5 Nb5 57. Nf3 Nc3+ 58. Kd3 Nb5 59. Ke4 Na7 60. Ne5 Nb5 61. Nf3 e5 62. Nxe5 Nd6+ 63. Kd5 Nb5 64. Kc6 Na7+ 65. Kb7 Nb5 66. Kb6 Nd6 67. Kc6 Nc8 68. Kc7 Na7 69. Kb6 Nc8+ 70. Kb7 Nd6+ 71. Kb8 f3 72. Nxf3 Kxf3 73. a7 Nb5 74. a8=Q+ Kf4 75. Qa4+ Ke5 76. Qxb5+ Kd6 77. Qf5 Kc6 78. Kc8 Kd6 79. Kd8 Kc6 80. Qe5 Kb7 81. Qd6 Ka7 82. Kc7 Ka8 83. Qc6+ Ka7 84. Qb7# 1-0

[Event "1st FIDE OWCCCC Pools-East 2021"]
[Site "Online"]
[Date "2021.02.19"]
[Round "1.61"]
[White "Kaya, Melih onur"]
[Black "Gupta, Shruti"]
[Result "1-0"]
[WhiteElo "1261"]
[BlackElo "732"]
[Annotator "NA"]
[PlyCount "65"]
[EventDate "2021.02.19"]
[EventType "team-tourn"]
[EventCountry "NET"]
[SourceTitle "playchess.com"]
[Source "ChessBase"]
[SourceQuality "1"]

1. e4 Nc6 2. Nf3 e5 3. c3 Nf6 4. d4 d5 5. Qa4 a6 6. dxe5 Nxe4 7. Bd3 b5 8. Qc2 Bc5 9. Bxe4 O-O 10. Bxh7+ Kh8 11. O-O g6 12. Ng5 Nxe5 13. Bf4 f6 14. Bxg6 fxg5 15. Bxe5+ Kg8 16. Bh7+ Kf7 17. Qg6+ Ke7 18. Qg7+ Rf7 19. Qxg5+ Ke8 20. Qg8+ Kd7 21. Qxf7+ Qe7 22. Bf5+ Kc6 23. Qg6+ Bd6 24. Bxd6 cxd6 25. Nd2 d4 26. cxd4 Kb6 27. Rac1 Bb7 28. Rfe1 Qh4 29. Qxd6+ Ka7 30. Rc7 Qg5 31. Be4 Re8 32. Qxa6+ Kb8 33. Qxb7# 1-0